000 00521nam a2200181Ia 4500
001 20933
005 20260306172842.0
008 260306t2014||||xx |||||||||||||| ||spa||
041 _aESP
082 _a343.8
_bV65
100 _aVillazana Ochoa,Saúl
_eAUT
245 0 _aReparos frecuentes en el IGV y en el IR:
_banálisis de los pronunciamientos de la Sunat y del TF mediante casos prácticos
260 _c2014
300 _a734 páginas :
_c25 cm.
650 _aGEN
654 _aCCO
942 _cLIB
_dJUS
_fJUS
_2ddc
_n
999 _c20933
_d20933